LDR 00925naa#a2200181#i#450# 001 RU\\bibl\118688 005 20260514065613.4 011 ## _a1994-4683 100 ## _a20230428b2023####ek#y0rusy0150####ca 102 ## _aRU 200 1# _aВОСТРЕБОВАННОСТЬ УЧАСТИЯ РОССИЙСКИХ ДЗЮДОИСТОВ В ПРОФЕССИОНАЛЬНЫХ СПОРТИВНЫХ СОРЕВНОВАНИЯХ _eЖурнальная статья 210 1# _aМосква _cНациональный государственный Университет физической культуры, спорта и здоровья им. П.Ф. Лесгафта _d2023 215 ## _a3 с. 608 ## _aЖурнальная статья _2local 675 ## _aОдин против другого. Одиночки. Например,. 796.082.1 _z 700 #1 _aЕрегина _gС В 700 #1 _aТарасенко _gК Н 856 4# _auchzapiski.lesgaft.spb.ru _u